00374nam a2200145Ia 4500003000400000008004100004040001600045082001300061100002300074245004100097260004200138300000800180650001900188650002100207GCL140319s9999 xx 000 0 eng d aGCL / cGCL04a759bL D1 aLIVINGSTONE, MARCO10aDAVID HOCKNEY / cLIVINGSTONE, MARCO a[S.N] : bTHAMES AND HUDSON ، c1994 a25204aHOCKNEY, DAVID04aARTISTS, BRITISH